| Поле | Инд. | ПП | Название | Значение |
|---|---|---|---|---|
| Тип записи | a | |||
| Библиографический уровень | m | |||
| 001 | Контрольный номер | RU/IS/BASE/458651543 | ||
| 005 | Дата корректировки | 20251127165431.7 | ||
| 020 | a | ISBN | 9785991632799 | |
| 084 | a | Индекс другой классификации/Индекс ББК | 66.3(0),123я73 | |
| 090 | a | Полочн. индекс | 66.3(0),123я73 | |
| x | Авторский знак | В 19 | ||
| 100 | 1_ | a | Автор | Василенко И. А. |
| q | Полное имя | Василенко Ирина Алексеевна | ||
| 245 | 10 | a | Заглавие | Государственное и муниципальное управление |
| b | Продолж. заглавия | учебник для бакалавров | ||
| c | Ответственность | МГУ им. М. В. Ломоносова | ||
| 250 | a | Основные сведения об издании | 6-е изд., перераб. и доп. | |
| 260 | b | Издательство | Юрайт | |
| c | Дата издания | 2014 | ||
| a | Место издания | Москва | ||
| 300 | a | Объем | 494 с. | |
| 336 | a | Термин вида содержания | Текст | |
| 337 | a | Термин типа средства | непосредственный | |
| 440 | _0 | a | Серия | Бакалавр. Базовый курс |
| 504 | a | Библиография | Лит.: с. 491 | |
| 521 | 0_ | a | Примеч. о целев. назн. | студенты |
| a | Примеч. о целев. назн. | бакалавриат | ||
| 541 | 1_ | a | Номер заявки | 2446 |
| b | Заявитель | Захаров Н.И. | ||
| c | Факультет/Кафедра/Подразделение | Кафедра государственного и муниципального управления | ||
| d | Дата заявки | 19.11.2013 | ||
| f | Дисциплина | Введение в специальность | ||
| n | Количество экземпляров | 15 | ||
| 541 | 1_ | a | Номер заявки | 2448 |
| b | Заявитель | Башкин Андрей Вячеславович | ||
| c | Факультет/Кафедра/Подразделение | Кафедра государственного и муниципального управления | ||
| d | Дата заявки | 19.11.2013 | ||
| f | Дисциплина | Государственное и муниципальное управление | ||
| n | Количество экземпляров | 50 | ||
| 650 | 04 | a | Основная рубрика | внутренняя политика |
| a | Основная рубрика | политика | ||
| 653 | 0_ | a | Ключевые слова | административные органы |
| a | Ключевые слова | административные реформы | ||
| a | Ключевые слова | антикризисный менеджмент | ||
| a | Ключевые слова | вертикаль власти | ||
| a | Ключевые слова | внешняя политика | ||
| a | Ключевые слова | государственная политика | ||
| a | Ключевые слова | государственная служба | ||
| a | Ключевые слова | государственное управление | ||
| a | Ключевые слова | государственные организации | ||
| a | Ключевые слова | история государственного управления | ||
| a | Ключевые слова | конфедерализм | ||
| a | Ключевые слова | местное самоуправление | ||
| a | Ключевые слова | муниципальное управление | ||
| a | Ключевые слова | национальная политика (этнополитика) | ||
| a | Ключевые слова | паблик рилейшнз (связи с общественностью) | ||
| a | Ключевые слова | принятие решений | ||
| a | Ключевые слова | Россия | ||
| a | Ключевые слова | синергетическая модульная стратегия | ||
| a | Ключевые слова | система государственного управления | ||
| a | Ключевые слова | система разделение властей | ||
| a | Ключевые слова | социальная политика | ||
| a | Ключевые слова | сравнительный анализ | ||
| a | Ключевые слова | унитаризм | ||
| a | Ключевые слова | федерализм | ||
| a | Ключевые слова | экономическая политика | ||
| 655 | a | Жанр/ форма (устаревшее) | учебное пособие | |
| 900 | a | Имя электронного ресурса | obl_Vasilenko_GMU | |
| x | Справочная информация | Обложка | ||
| 901 | t | Тип документа | m | |
| 952 | a | Тип литературы для КСУ ВШ | УИ | |
| 954 | a | Гриф | 1.2.2.87 |